<?xml version="1.0" encoding="UTF-8"?>
<record
    xmlns:xsi="http://www.w3.org/2001/XMLSchema-instance"
    xsi:schemaLocation="http://www.loc.gov/MARC21/slim http://www.loc.gov/standards/marcxml/schema/MARC21slim.xsd"
    xmlns="http://www.loc.gov/MARC21/slim">

  <leader>00895cam a2200229 a 4500</leader>
  <controlfield tag="003">3228</controlfield>
  <controlfield tag="005">20221125115143.0</controlfield>
  <controlfield tag="008">080731s2007    sa a     d    000 0 nso  </controlfield>
  <datafield tag="020" ind1=" " ind2=" ">
    <subfield code="a">9780195765557</subfield>
    <subfield code="q">Paperback</subfield>
  </datafield>
  <datafield tag="040" ind1=" " ind2=" ">
    <subfield code="a">DLC</subfield>
    <subfield code="c">3228</subfield>
    <subfield code="b">3228</subfield>
    <subfield code="d">RDA</subfield>
  </datafield>
  <datafield tag="082" ind1=" " ind2=" ">
    <subfield code="a">REF 496.39771 DICT</subfield>
  </datafield>
  <datafield tag="100" ind1=" " ind2=" ">
    <subfield code="a">Gilles-Maurice De Schryver</subfield>
    <subfield code="d">2019</subfield>
    <subfield code="e">Author</subfield>
    <subfield code="9">131206</subfield>
  </datafield>
  <datafield tag="245" ind1="0" ind2="0">
    <subfield code="a">Pukunt&#x161;u ya polelopedi ya sekolo :</subfield>
    <subfield code="b">Sesotho sa Leboa le Seisimane : e gati&#x161;it&#x161;we ke Oxford = Oxford bilingual school dictionary : Northern Sotho and English /</subfield>
    <subfield code="c">editor-in-chief, Gilles-Maurice de Schryver.</subfield>
  </datafield>
  <datafield tag="260" ind1=" " ind2=" ">
    <subfield code="a">Cape Town :</subfield>
    <subfield code="b">Oxford University Press Southern Africa,</subfield>
    <subfield code="c">2007.</subfield>
  </datafield>
  <datafield tag="300" ind1=" " ind2=" ">
    <subfield code="a">xii, 552, [44] p. :</subfield>
    <subfield code="b">ill. ;</subfield>
    <subfield code="c">22 cm.</subfield>
  </datafield>
  <datafield tag="500" ind1=" " ind2=" ">
    <subfield code="a">illustrations</subfield>
  </datafield>
  <datafield tag="521" ind1=" " ind2=" ">
    <subfield code="a">Adult</subfield>
  </datafield>
  <datafield tag="546" ind1=" " ind2=" ">
    <subfield code="a">Northern Sotho-English </subfield>
  </datafield>
  <datafield tag="650" ind1=" " ind2="0">
    <subfield code="a">Northern Sotho language</subfield>
    <subfield code="v">Dictionaries</subfield>
    <subfield code="x">English.</subfield>
    <subfield code="9">131207</subfield>
  </datafield>
  <datafield tag="906" ind1=" " ind2=" ">
    <subfield code="g">y</subfield>
  </datafield>
  <datafield tag="942" ind1=" " ind2=" ">
    <subfield code="2">ddc</subfield>
    <subfield code="c">BOOK</subfield>
    <subfield code="y">162</subfield>
    <subfield code="z">Elsie Maluleke</subfield>
  </datafield>
  <datafield tag="999" ind1=" " ind2=" ">
    <subfield code="c">631915</subfield>
    <subfield code="d">631914</subfield>
  </datafield>
  <datafield tag="952" ind1=" " ind2=" ">
    <subfield code="0">0</subfield>
    <subfield code="1">0</subfield>
    <subfield code="2">ddc</subfield>
    <subfield code="4">0</subfield>
    <subfield code="7">0</subfield>
    <subfield code="8">R</subfield>
    <subfield code="a">KWAML</subfield>
    <subfield code="b">MARAL</subfield>
    <subfield code="c">REF</subfield>
    <subfield code="d">2022-04-26</subfield>
    <subfield code="l">0</subfield>
    <subfield code="o">496.39771321 PUKUNTSU</subfield>
    <subfield code="p">33228031021223</subfield>
    <subfield code="r">2022-04-26</subfield>
    <subfield code="w">2022-04-26</subfield>
    <subfield code="y">BOOK</subfield>
  </datafield>
  <datafield tag="952" ind1=" " ind2=" ">
    <subfield code="0">0</subfield>
    <subfield code="1">0</subfield>
    <subfield code="2">ddc</subfield>
    <subfield code="4">0</subfield>
    <subfield code="7">0</subfield>
    <subfield code="a">LYDEL</subfield>
    <subfield code="b">SABIL</subfield>
    <subfield code="c">Non_Fiction</subfield>
    <subfield code="d">2022-11-25</subfield>
    <subfield code="o">REF 496.39771 DICT</subfield>
    <subfield code="p">33228031029996</subfield>
    <subfield code="r">2022-11-25</subfield>
    <subfield code="w">2022-11-25</subfield>
    <subfield code="y">BOOK</subfield>
  </datafield>
  <datafield tag="952" ind1=" " ind2=" ">
    <subfield code="0">0</subfield>
    <subfield code="1">0</subfield>
    <subfield code="2">ddc</subfield>
    <subfield code="4">0</subfield>
    <subfield code="7">0</subfield>
    <subfield code="8">400</subfield>
    <subfield code="a">KWAML</subfield>
    <subfield code="b">LOOPL</subfield>
    <subfield code="c">REF</subfield>
    <subfield code="d">2025-07-29</subfield>
    <subfield code="l">0</subfield>
    <subfield code="o">REF 496.39771 DICT</subfield>
    <subfield code="p">33228031059114</subfield>
    <subfield code="r">2025-07-29</subfield>
    <subfield code="w">2025-07-29</subfield>
    <subfield code="y">BOOK</subfield>
  </datafield>
</record>
